000 00464nam a2200181Ia 4500
008 190425s9999 xx 000 0 und d
100 _aManar, Malu Cadelina
245 _aCotabato framers to plant rice in Papua New Guinea/
245 _cMalu Cadelina Manar
260 _bManila Bulletin
260 _c2018
300 _aAugust 23
440 _aManila Bulletin
650 _afarmers
650 _afarming
650 _aPapua New Guinea
650 _arice
999 _c361657
_d361657